| 000 | 00381cam a22001337a 4500 | ||
|---|---|---|---|
| 008 | 180718b1956 xxu||||| |||| 00| 0 eng d | ||
| 082 | _aT19x485 H763 | ||
| 100 | _aHook, Erik | ||
| 245 |
_aThe economic life of Sweden _cby Erik Hook...[et. al.] |
||
| 250 | _a2nd ed. | ||
| 260 |
_aStockholm _bThe Swedish Institute _c1956 |
||
| 300 | _a112p. | ||
| 650 | _aSweden - Economic Conditions | ||
| 999 |
_c479690 _d479690 |
||